00670nam a22001817a 4500999001900000005001700019010001500036020002500051035001400076037001300090082001200103245005800115260007500173270007000248300002000318942002600338952012400364 c165635d16563520190625161216.0 aENG-125758 a9789352920877c65.00 aEN-109290 bDBAD/PUB a696.102 aPlumber (general) :b(job role) textbook for class IX aNew DelhibNational Council of Educational Research and Trainingc2018 aNCERT Campus, Sri Aurobindo MargbNew Delhie110016k011-26562708 a57p.c26cm(pbk) 2ddccENh696.102mPLU 001040718NFICaDBADbDBADd2019-06-25eDBAD/PUBg65.00l0o696.102 PLUpEN-109290r2019-06-25 00:00:00t1v65.00yEN